000 01008nam a2200277 i 4500
003 DO-SdBNP
005 20250423144431.0
007 ta
008 250423b2005 mx ||||| |||| 00| 0 spa d
020 _a9682325528
040 _aDO-SdBNP
_bspa
_cBNPHU
_erda
082 4 _axxx
_bV645t
_222
100 1 _aVictoria Ojeda, Jorge,
_eautor
_4aut.
_987504
245 1 0 _aTendencias monárquicas en la revolución haitiana :
_bel negro Juan Francisco Petecou bajo las banderas francesa y española /
_cJorge Victoria Ojeda.
264 4 _aMéxico, D.F. :
_bSiglo XXI Editores,
_c©2005.
300 _a149 páginas ;
_c22 cm.
336 _atexto
_btxt
_2rdacontent
337 _asin mediación
_bn
_2rdamedia
338 _avolumen
_bnc
_2rdacarrier
440 0 _aPensamiento caribeño
_932416
500 _a"Estado Libre y Soberano de Quintana Roo, Universidad de Quintana Roo, Unesco, Siglo XXI"--
504 _aBibliografía: paginas 149147
590 _aInventariado, 2025 /LP
910 _aLP
942 _2ddc
_cLBS1
999 _c58764
_d58764